সমাজ সভ্যতা জীবন / (Record no. 64684)
[ view plain ]
| 000 -LEADER | |
|---|---|
| fixed length control field | 00793nam a2200217 a 4500 |
| 001 - CONTROL NUMBER | |
| control field | 64684 |
| 003 - CONTROL NUMBER IDENTIFIER | |
| rucl marc code | BD-RjUL |
| 005 - DATE AND TIME OF LATEST TRANSACTION | |
| control field | 20211209081332.0 |
| 008 - FIXED-LENGTH DATA ELEMENTS--GENERAL INFORMATION | |
| fixed length control field | 170219s1981 ||||| |||| 00| 0 d |
| 035 ## - SYSTEM CONTROL NUMBER | |
| System control number | (BD-RjUL)64814 |
| 040 ## - CATALOGING SOURCE | |
| Original cataloging agency | BD-RjUL |
| Language of cataloging | ben |
| Transcribing agency | BD-RjUL |
| 041 ## - LANGUAGE CODE | |
| Language code of text/sound track or separate title | ben |
| 082 ## - DEWEY DECIMAL CLASSIFICATION NUMBER | |
| Edition number | 23 |
| Classification number | 891.44409 |
| Author mark and year | HOS 1981 |
| 100 1# - MAIN ENTRY--PERSONAL NAME | |
| Personal name | হক, মফিজ-উল. |
| 9 (RLIN) | 191784 |
| 245 10 - TITLE STATEMENT | |
| Title | সমাজ সভ্যতা জীবন / |
| Statement of responsibility, etc. | হক, মফিজ-উল |
| 260 ## - PUBLICATION, DISTRIBUTION, ETC. (IMPRINT) | |
| Place of publication, distribution, etc. | বাংলাদেশ : |
| Name of publisher, distributor, etc. | মিতা প্রসেস, |
| Date of publication, distribution, etc. | ১৯৮১। |
| 300 ## - PHYSICAL DESCRIPTION | |
| Pagination | ১৬৪ পৃ. ; |
| Size | ২০ সেমি. |
| 650 ## - SUBJECT ADDED ENTRY--TOPICAL TERM | |
| Topical term or geographic name as entry element | বাংলা রচনা |
| 9 (RLIN) | 170542 |
| Source of heading or term | ইতিহাস ও সমালোচনা |
| Topical term or geographic name as entry element | Bengali literature |
| 9 (RLIN) | 170250 |
| Source of heading or term | history abd criticism |
| 942 ## - ADDED ENTRY ELEMENTS (KOHA) | |
| Source of classification or shelving scheme | Dewey Decimal Classification |
| Koha item type | Books |
| Lost status | Source of classification or shelving scheme | Damaged status | Not for loan | Collection code | Permanent Location | Current Location | Shelving location | Date acquired | Source of acquisition | Total Checkouts | Full call number | Date last seen | Copy number | Koha item type |
|---|---|---|---|---|---|---|---|---|---|---|---|---|---|---|
| Dewey Decimal Classification | Not For Loan | Non-fiction | Central Library, University of Rajshahi | Central Library, University of Rajshahi | Reading Room | 06/02/1990 | Asia foundation | B 891.44409 HOS 1981 | 19/02/2017 | C-1 | Books |